<?xml version="1.0" encoding="UTF-8"?>
<record
    xmlns:xsi="http://www.w3.org/2001/XMLSchema-instance"
    xsi:schemaLocation="http://www.loc.gov/MARC21/slim http://www.loc.gov/standards/marcxml/schema/MARC21slim.xsd"
    xmlns="http://www.loc.gov/MARC21/slim">

  <leader>02653nam a22003497a 4500</leader>
  <controlfield tag="005">2012060407537.0</controlfield>
  <datafield tag="010" ind1=" " ind2=" ">
    <subfield code="a">B-484233-238    HIN-97632</subfield>
  </datafield>
  <datafield tag="020" ind1=" " ind2=" ">
    <subfield code="a">8188381691</subfield>
    <subfield code="c">150.00</subfield>
  </datafield>
  <datafield tag="035" ind1=" " ind2=" ">
    <subfield code="a">B-484233-238</subfield>
  </datafield>
  <datafield tag="035" ind1=" " ind2=" ">
    <subfield code="a">HN-69978</subfield>
  </datafield>
  <datafield tag="037" ind1=" " ind2=" ">
    <subfield code="b">&#x90F;&#x932;&#x93E;&#x907;&#x921; &#x92A;&#x92C;&#x94D;&#x932;&#x93F;&#x930;&#x94D;&#x936;&#x938;</subfield>
  </datafield>
  <datafield tag="037" ind1=" " ind2=" ">
    <subfield code="b">DBAD / PUB</subfield>
  </datafield>
  <datafield tag="082" ind1=" " ind2=" ">
    <subfield code="a">&#x915;</subfield>
  </datafield>
  <datafield tag="100" ind1=" " ind2=" ">
    <subfield code="a">&#x938;&#x941;&#x92D;&#x93E;&#x937; &#x928;&#x940;&#x930;&#x935;</subfield>
    <subfield code="9">54151</subfield>
  </datafield>
  <datafield tag="245" ind1=" " ind2=" ">
    <subfield code="a">&#x938;&#x92B;&#x930; &#x92E;&#x947;&#x902; &#x906;&#x926;&#x92E;&#x940;/</subfield>
    <subfield code="c">&#x938;&#x941;&#x92D;&#x93E;&#x937; &#x928;&#x940;&#x930;&#x935;</subfield>
  </datafield>
  <datafield tag="246" ind1=" " ind2=" ">
    <subfield code="a">Safar mein Aadmi</subfield>
    <subfield code="b">by Subhash Neerav</subfield>
  </datafield>
  <datafield tag="260" ind1=" " ind2=" ">
    <subfield code="a">&#x926;&#x93F;&#x932;&#x94D;&#x932;&#x940;</subfield>
    <subfield code="b">&#x928;&#x940;&#x930;&#x91C; &#x92C;&#x941;&#x915; &#x938;&#x947;&#x902;&#x91F;&#x930;</subfield>
    <subfield code="c">2012</subfield>
  </datafield>
  <datafield tag="270" ind1=" " ind2=" ">
    <subfield code="a">&#x938;&#x940;-32, &#x906;&#x930;&#x94D;&#x92F;&#x928;&#x917;&#x930; &#x938;&#x94B;&#x938;&#x93E;&#x92F;&#x91F;&#x940;, &#x92A;&#x91F;&#x92A;&#x921;&#x93C;&#x917;&#x902;&#x91C;</subfield>
    <subfield code="e">110092</subfield>
  </datafield>
  <datafield tag="300" ind1=" " ind2=" ">
    <subfield code="a">112 &#x92A;&#x943;.</subfield>
    <subfield code="c">22 &#x938;&#x947;&#x902;.&#x92E;&#x940;.(&#x938;&#x91C;&#x93F;&#x932;&#x94D;&#x926;)</subfield>
  </datafield>
  <datafield tag="650" ind1=" " ind2=" ">
    <subfield code="a">Short Stories, Hindi</subfield>
    <subfield code="9">54152</subfield>
  </datafield>
  <datafield tag="650" ind1=" " ind2=" ">
    <subfield code="a">&#x932;&#x918;&#x941; &#x915;&#x925;&#x93E;&#x90F;&#x901;, &#x939;&#x93F;&#x928;&#x94D;&#x926;&#x940;</subfield>
    <subfield code="9">1169</subfield>
  </datafield>
  <datafield tag="942" ind1=" " ind2=" ">
    <subfield code="2">ddc</subfield>
    <subfield code="c">HN</subfield>
    <subfield code="h">&#x915;</subfield>
    <subfield code="m">&#x938;&#x941;&#x92D;&#x93E;&#x937;</subfield>
  </datafield>
  <datafield tag="999" ind1=" " ind2=" ">
    <subfield code="c">67477</subfield>
    <subfield code="d">67477</subfield>
  </datafield>
  <datafield tag="952" ind1=" " ind2=" ">
    <subfield code="0">0</subfield>
    <subfield code="1">0</subfield>
    <subfield code="4">0</subfield>
    <subfield code="7">0</subfield>
    <subfield code="a">AG</subfield>
    <subfield code="b">AG</subfield>
    <subfield code="d">2012-06-04</subfield>
    <subfield code="g">150.00</subfield>
    <subfield code="l">0</subfield>
    <subfield code="o">&#x915; &#x938;&#x941;&#x92D;&#x93E;&#x937;</subfield>
    <subfield code="r">2012-06-04 00:00:00</subfield>
    <subfield code="v">150.00</subfield>
    <subfield code="w">2012-06-04</subfield>
    <subfield code="y">HN</subfield>
  </datafield>
  <datafield tag="952" ind1=" " ind2=" ">
    <subfield code="0">0</subfield>
    <subfield code="1">3</subfield>
    <subfield code="4">0</subfield>
    <subfield code="7">0</subfield>
    <subfield code="8">FIC</subfield>
    <subfield code="a">L</subfield>
    <subfield code="b">L</subfield>
    <subfield code="d">2012-10-17</subfield>
    <subfield code="e">&#x90F;&#x932;&#x93E;&#x907;&#x921; &#x92A;&#x92C;&#x94D;&#x932;&#x93F;&#x930;&#x94D;&#x936;&#x938;/664/16.08.12/2/27.07.12/07.09.12</subfield>
    <subfield code="g">150.00</subfield>
    <subfield code="l">0</subfield>
    <subfield code="o">&#x915; &#x938;&#x941;&#x92D;&#x93E;&#x937;</subfield>
    <subfield code="p">B-484233</subfield>
    <subfield code="r">2012-10-17 00:00:00</subfield>
    <subfield code="t">1</subfield>
    <subfield code="v">150.00</subfield>
    <subfield code="w">2012-10-17</subfield>
    <subfield code="y">HN</subfield>
  </datafield>
  <datafield tag="952" ind1=" " ind2=" ">
    <subfield code="0">0</subfield>
    <subfield code="1">0</subfield>
    <subfield code="4">0</subfield>
    <subfield code="7">0</subfield>
    <subfield code="8">FIC</subfield>
    <subfield code="a">ZLS</subfield>
    <subfield code="b">ZLS</subfield>
    <subfield code="d">2012-10-17</subfield>
    <subfield code="e">&#x90F;&#x932;&#x93E;&#x907;&#x921; &#x92A;&#x92C;&#x94D;&#x932;&#x93F;&#x930;&#x94D;&#x936;&#x938;/664/16.08.12/2/27.07.12/07.09.12</subfield>
    <subfield code="g">150.00</subfield>
    <subfield code="l">0</subfield>
    <subfield code="o">&#x915; &#x938;&#x941;&#x92D;&#x93E;&#x937;</subfield>
    <subfield code="p">B-484234</subfield>
    <subfield code="r">2012-10-17 00:00:00</subfield>
    <subfield code="t">1</subfield>
    <subfield code="v">150.00</subfield>
    <subfield code="w">2012-10-17</subfield>
    <subfield code="y">HN</subfield>
  </datafield>
  <datafield tag="952" ind1=" " ind2=" ">
    <subfield code="0">0</subfield>
    <subfield code="1">0</subfield>
    <subfield code="4">0</subfield>
    <subfield code="7">0</subfield>
    <subfield code="8">FIC</subfield>
    <subfield code="a">BL3</subfield>
    <subfield code="b">BL3</subfield>
    <subfield code="d">2012-10-17</subfield>
    <subfield code="e">&#x90F;&#x932;&#x93E;&#x907;&#x921; &#x92A;&#x92C;&#x94D;&#x932;&#x93F;&#x930;&#x94D;&#x936;&#x938;/664/16.08.12/2/27.07.12/07.09.12</subfield>
    <subfield code="g">150.00</subfield>
    <subfield code="l">0</subfield>
    <subfield code="o">&#x915; &#x938;&#x941;&#x92D;&#x93E;&#x937;</subfield>
    <subfield code="p">B-484235</subfield>
    <subfield code="r">2012-10-17 00:00:00</subfield>
    <subfield code="t">1</subfield>
    <subfield code="v">150.00</subfield>
    <subfield code="w">2012-10-17</subfield>
    <subfield code="y">HN</subfield>
  </datafield>
  <datafield tag="952" ind1=" " ind2=" ">
    <subfield code="0">0</subfield>
    <subfield code="1">0</subfield>
    <subfield code="4">0</subfield>
    <subfield code="7">0</subfield>
    <subfield code="8">FIC</subfield>
    <subfield code="a">NRR</subfield>
    <subfield code="b">NRR</subfield>
    <subfield code="d">2012-10-17</subfield>
    <subfield code="e">&#x90F;&#x932;&#x93E;&#x907;&#x921; &#x92A;&#x92C;&#x94D;&#x932;&#x93F;&#x930;&#x94D;&#x936;&#x938;/664/16.08.12/2/27.07.12/07.09.12</subfield>
    <subfield code="g">150.00</subfield>
    <subfield code="l">0</subfield>
    <subfield code="o">&#x915; &#x938;&#x941;&#x92D;&#x93E;&#x937;</subfield>
    <subfield code="p">B-484236</subfield>
    <subfield code="r">2012-10-17 00:00:00</subfield>
    <subfield code="t">1</subfield>
    <subfield code="v">150.00</subfield>
    <subfield code="w">2012-10-17</subfield>
    <subfield code="y">HN</subfield>
  </datafield>
  <datafield tag="952" ind1=" " ind2=" ">
    <subfield code="0">0</subfield>
    <subfield code="1">0</subfield>
    <subfield code="4">0</subfield>
    <subfield code="7">0</subfield>
    <subfield code="8">FIC</subfield>
    <subfield code="a">BL4</subfield>
    <subfield code="b">BL4</subfield>
    <subfield code="d">2012-10-17</subfield>
    <subfield code="e">&#x90F;&#x932;&#x93E;&#x907;&#x921; &#x92A;&#x92C;&#x94D;&#x932;&#x93F;&#x930;&#x94D;&#x936;&#x938;/664/16.08.12/2/27.07.12/07.09.12</subfield>
    <subfield code="g">150.00</subfield>
    <subfield code="l">1</subfield>
    <subfield code="o">&#x915; &#x938;&#x941;&#x92D;&#x93E;&#x937;</subfield>
    <subfield code="p">B-484237</subfield>
    <subfield code="r">2023-06-08 00:00:00</subfield>
    <subfield code="s">2023-05-23</subfield>
    <subfield code="t">1</subfield>
    <subfield code="v">150.00</subfield>
    <subfield code="w">2012-10-17</subfield>
    <subfield code="y">HN</subfield>
  </datafield>
  <datafield tag="952" ind1=" " ind2=" ">
    <subfield code="0">0</subfield>
    <subfield code="1">0</subfield>
    <subfield code="4">0</subfield>
    <subfield code="7">0</subfield>
    <subfield code="8">FIC</subfield>
    <subfield code="a">YV</subfield>
    <subfield code="b">YV</subfield>
    <subfield code="d">2012-10-17</subfield>
    <subfield code="e">&#x90F;&#x932;&#x93E;&#x907;&#x921; &#x92A;&#x92C;&#x94D;&#x932;&#x93F;&#x930;&#x94D;&#x936;&#x938;/664/16.08.12/2/27.07.12/07.09.12</subfield>
    <subfield code="g">150.00</subfield>
    <subfield code="l">2</subfield>
    <subfield code="m">1</subfield>
    <subfield code="o">&#x915; &#x938;&#x941;&#x92D;&#x93E;&#x937;</subfield>
    <subfield code="p">B-484238</subfield>
    <subfield code="r">2026-05-04 11:28:59</subfield>
    <subfield code="s">2026-04-20</subfield>
    <subfield code="t">1</subfield>
    <subfield code="v">150.00</subfield>
    <subfield code="w">2012-10-17</subfield>
    <subfield code="y">HN</subfield>
  </datafield>
  <datafield tag="952" ind1=" " ind2=" ">
    <subfield code="0">0</subfield>
    <subfield code="1">0</subfield>
    <subfield code="4">0</subfield>
    <subfield code="7">1</subfield>
    <subfield code="8">FIC</subfield>
    <subfield code="a">DBAD</subfield>
    <subfield code="b">DBAD</subfield>
    <subfield code="d">2012-12-10</subfield>
    <subfield code="e">DBAD / PUB</subfield>
    <subfield code="g">150.00</subfield>
    <subfield code="l">0</subfield>
    <subfield code="o">&#x915; &#x938;&#x941;&#x92D;&#x93E;&#x937;</subfield>
    <subfield code="p">HN-69978</subfield>
    <subfield code="r">2012-12-10 00:00:00</subfield>
    <subfield code="t">1</subfield>
    <subfield code="v">150.00</subfield>
    <subfield code="w">2012-12-10</subfield>
    <subfield code="y">HN</subfield>
  </datafield>
</record>
